BHARATIYA NAGARIK SURAKSHA SANHITA, 2023 [CRIMINAL PROCEDURE] A COMMENTARY (Record no. 8741)

MARC details
000 -LEADER
fixed length control field 00482nam a22001817a 4500
005 - DATE AND TIME OF LATEST TRANSACTION
control field 20250415121127.0
008 - FIXED-LENGTH DATA ELEMENTS--GENERAL INFORMATION
fixed length control field 250411b |||||||| |||| 00| 0 eng d
020 ## - INTERNATIONAL STANDARD BOOK NUMBER
ISBN 978-81-19868-063
041 ## - LANGUAGE CODE
Language code of text/sound track or separate title eng
082 ## - DEWEY DECIMAL CLASSIFICATION NUMBER
Classification number 345.075 VER -B
100 ## - MAIN ENTRY--AUTHOR NAME
Personal name VERMA, DR.J.K
245 ## - TITLE STATEMENT
Title BHARATIYA NAGARIK SURAKSHA SANHITA, 2023 [CRIMINAL PROCEDURE] A COMMENTARY
250 ## - EDITION STATEMENT
Edition statement 1ST ED. 2024
260 ## - PUBLICATION, DISTRIBUTION, ETC. (IMPRINT)
Place of publication LUCKNOW
Name of publisher EBC
300 ## - PHYSICAL DESCRIPTION
Number of Pages 532;P
650 ## - SUBJECT ADDED ENTRY--TOPICAL TERM
Topical Term LEGAL STUDIES
942 ## - ADDED ENTRY ELEMENTS (KOHA)
Koha item type Books
Holdings
Lost status Damaged status Collection code Home library Current library Shelving location Date acquired Source of acquisition Cost, normal purchase price Full call number Accession Number Koha item type
    Reference JRU Library JRU Library SHELF -1-B 10/04/2025 PURCHASE 1095.00 345.075 28656 Books
    LAW JRU Library JRU Library SHELF-29-A 10/04/2025 PURCHASE 1095.00 345.075 28657 Books
    LAW JRU Library JRU Library SHELF-29-A 10/04/2025 PURCHASE 1095.00 345.075 28658 Books